000 00940nam0a22002651 4500
001 rc\2589396
005 20250623123028.0
035 _a(NLR Aleph) 006753723
090 _a5771487
_c5771487
100 _a20110914d1929 |||y0rusy50 ca
101 0 _arus
102 _aRU
105 _aa z |||||
200 1 _aДробовое ружье и стрельба из него
_eС 135 рис.
_fС. А. Бутурлин
205 _a3-е изд., пересмотр. и доп.
210 _aМосква
_cВсекохотсоюз
_d1929
_g8-я тип. "Мосполиграф"
215 _a164, [2] с., [1] с. объявл.
_cил., черт.
_d17х13 см.
300 _aОбложка: Э. Л[иффнер]
700 1 _aБутурлин
_bС.А.
_f1872-1938
_gСергей Александрович
801 0 _aRU
_bNLR
_gpsbo
801 1 _aRU
_bELAR
_2rusmarc
852 _aNLR
_j74/170
942 _cBOOK
980 _aNB